000 00479nam a2200181Ia 4500
001 22578
005 20260414150840.0
008 260414t2014||||xx |||||||||||||| ||spa||
041 _aESP
082 _a621.382
_bT61
100 _aSequeira, Anthony
_eAUT
245 0 _aInterconnecting Cisco Network Devices, part 2 (ICND2) :
_bfoundation learning guide
260 _c2014
300 _a441 páginas :
_c23 cm.
650 _aTCA
654 _aCET
942 _cLIB
_dJUS
_fJUS
_2ddc
_n
999 _c22578
_d22578